[Event "Sindilegis op-B"]
[Site "Sindilegis"]
[Date "2009.10.25"]
[Round "?"]
[White "Mata, Luis Carlos"]
[Black "Rodrigues, Bruno Morado"]
[Result "0-1"]
[WhiteElo "2086"]
[BlackElo "1999"]
[PlyCount "62"]
[EventDate "2009.10.23"]
[EventType "swiss"]
[EventRounds "6"]
[EventCountry "BRA"]
[SourceTitle "EXT 2012"]
[Source "ChessBase"]
[SourceDate "2011.11.24"]
[SourceVersion "1"]
[SourceVersionDate "2011.11.24"]
[SourceQuality "1"]

1. e4 c5 2. b3 Nf6 3. Nc3 Nc6 4. Nf3 e5 5. Bb5 d6 6. h3 g6 7. Bb2 Bg7 8. Qe2 a6 9. Bxc6+ bxc6 10. g4 h5 11. g5 Nh7 12. Qe3 Nf8 13. Ne2 Ne6 14. c3 Qa5 15. 0-0 f6 16. gxf6 Bh6 17. f7+ Kxf7 18. Qd3 Qc7 19. Nh4 Ng5 20. f4 Nxh3+ 21. Kh1 Nxf4 22. Qg3 g5 23. Nxf4 exf4 24. Rxf4+ gxf4 25. Qg6+ Kf8 26. c4 Rh7 27. Rg1 Bg4 28. Nf5 Bxf5 29. exf5 Qf7 30. Qxd6+ Qe7 31. Qg6 Qh4+ 0-1